Sports Quiz

Random Sports or NHL Quiz
Score 0/27 Timer 06:00
2 Plays Today
Hint Answer % Correct
2009Sidney Crosby
93%
2009Alex Ovechkin
87.1%
2009Patrick Kane
83%
2009Evgeni Malkin
81.1%
2008Pavel Datsyuk
69.7%
2004Patrick Marleau
56.9%
2004Patrick Marleau
56.9%
2006Patrick Marleau
56.9%
2002Brett Hull
49.1%
2008Johan Franzen
37.6%
2008Johan Franzen
37.6%
2000Doug Weight
22.1%
2002Keith Tkachuk
20.7%
2003Alexander Mogilny
18.7%
Hint Answer % Correct
2006Jason Pominville
17.4%
2000Bill Guerin
13.5%
2004Keith Primeau
12.9%
2007Andy McDonald
11.6%
2002Darren McCarty
10.6%
2000Scott Young
10.1%
2007Michael Nylander
6.9%
2006Joffrey Lupul
6.2%
2006John Madden
6.1%
2006J.P. Dumont
5%
2000Martin Lapointe
4.7%
2000Andy Delmore
3.2%
2004Mike Sillinger
1.7%
Remove Ads.
Support Sporcle.
Get the best of Sporcle when you Go Orange. This ad-free experience offers more features, more stats, and more fun while also helping to support Sporcle. Thank you for becoming a member.

You're not logged in!

Compare scores with friends on all Sporcle quizzes.
OR
Log In

Show Comments

Extras

Top Quizzes Today


Score Distribution

Your Account Isn't Verified!

In order to create a playlist on Sporcle, you need to verify the email address you used during registration. Go to your Sporcle Settings to finish the process.

Report this User

Report this user for behavior that violates our Community Guidelines.

Details: